000 01586nam a22003855a 4500
005 20090716134757.0
008 090203s2009 ii a bs 101 0 eng d
010 _aENG-94435
020 _a9788184501599
_c1680.00
035 _aEN-77968
037 _aDBAD / PUB
040 _adpl
_bEnglish
082 _a332.710954
245 _aMicro-credit and rural development /
_cedited by Anil Kumar Thakur (and) Praveen Sharma
260 _aNew Delhi
_bDeep & Deep Publications
_c2009
270 _aF-159, Rajouri Garden,
_bNew Delhi
_e110027
300 _axviii, 533 p. :
_bill. ;
_c23cm(Hb)
500 _a"Published on behalf of the Indian Economic Association."
500 _aIncludes index.
500 _aIncludes statistics.
504 _aIncludes bibliographical references.
520 _aPapers presented at a national conference.
650 _aMicrofinance
_zIndia
_vCongresses.
650 _aMicrofinance
_zIndia
_vStatistics
_vCongresses.
650 _aRural development
_zIndia
_vCongresses.
650 _aRural development
_zIndia
_vStatistics
_vCongresses.
650 _aRural credit
_zIndia
_vCongresses.
650 _aRural credit
_zIndia
_vStatistics
_vCongresses.
650 _aSelf-help groups
_zIndia
_vCongresses.
700 _aThakur, Anil Kumar
700 _aSharma, Praveen
710 _aIndian Economic Association.
942 _2ddc
_cEN
_h332.710954
_mMIC
999 _c28320
_d28320